000
00198 a2200109 4500
020
_a
0590260405
041
_a
spa
100
_a
Avalos Cecilia
245
_a
El Desierto
942
_c
BK
952
_7
1
999
_c
25620
_d
25620